[Event "V Ubeda Open"]
[Site "Ubeda ESP"]
[Date "2000.01.25"]
[Round "7"]
[White "Iordachescu,V"]
[Black "Gallego Jimenez,V"]
[Result "1-0"]
[WhiteElo "2560"]
[BlackElo "2359"]

1.e4 c5 2.Nf3 d6 3.Bb5+ Nc6 4.Bxc6+ bxc6 5.O-O Bg4 6.d3 g6 7.Nbd2 Bg7 8.c3 e5
9.h3 Bxf3 10.Nxf3 Ne7 11.d4 cxd4 12.cxd4 exd4 13.Nxd4 d5 14.e5 c5 15.Nb3 c4
16.Nd4 Bxe5 17.Re1 Bxd4 18.Qxd4 O-O 19.Rd1 Nf5 20.Qxd5 Qh4 21.Bd2 Rad8 22.Qc5 Nd4
23.Bg5 Qh5 24.Be7 Rd5 25.Qxc4 Ne2+ 26.Kh1 Rxd1+ 27.Rxd1 Ng3+ 28.fxg3 Qxd1+
29.Kh2 Re8 30.Bf6 Qd7 31.Bc3 Re6 32.a4 f6 33.Bxf6 Qc6 34.Qb3 Qb6 35.Qa2 h5
36.b4 Kh7 37.Bg5 Qb7  1-0

[Event "V Ubeda Open"]
[Site "Ubeda ESP"]
[Date "2000.01.26"]
[Round "8"]
[White "Turov,M"]
[Black "Anastasian,A"]
[Result "1/2-1/2"]
[WhiteElo "2526"]
[BlackElo "2606"]

1.e4 c5 2.Nf3 d6 3.Bb5+ Nd7 4.c3 Nf6 5.Qe2 a6 6.Ba4 e6 7.O-O Be7 8.d4 b5
9.Bc2 Bb7 10.Re1 cxd4 11.cxd4 Rc8 12.a3 O-O 13.Nc3 Rc7 14.Bf4 Qa8 15.Rac1 Rfc8
16.Bd3 Nb6 17.Nd2 Nfd7 18.Na2 Nc4 19.Nxc4 bxc4 20.Rxc4 Rxc4 21.Bxc4 Bxe4
22.Bxe6 fxe6 23.Qxe4 Qxe4 24.Rxe4 Kf7 25.Re2 Nb6 26.Kf1 Nc4 27.Nb4 a5 28.Nd3 Bf6
29.b3 Nxa3 30.Bxd6 Rc3 31.Bxa3 Rxd3 32.Re3 Rxd4 33.Ke2 h5 34.Bc1 Rd5 35.Bd2 Rb5
36.Re4 Rxb3 37.Bxa5  1/2-1/2

[Event "Bundesliga 1999-2000"]
[Site "Delmenhorst GER"]
[Date "2000.01.29"]
[Round "8"]
[White "Rozentalis,E"]
[Black "Hracek,Z"]
[Result "1/2-1/2"]
[WhiteElo "2553"]
[BlackElo "2620"]

1.e4 c5 2.Nf3 d6 3.Bb5+ Bd7 4.Bxd7+ Qxd7 5.O-O Nc6 6.c3 Nf6 7.Qe2 e6 8.d4 cxd4
9.cxd4 d5 10.e5 Ne4 11.Be3 Be7 12.Ne1 f6 13.f3 Ng5 14.Nd3 O-O 15.Nd2 Rac8
16.Nb3 b6 17.exf6 Bxf6 18.Rfe1 Rfe8 19.Ne5 Bxe5 20.dxe5 Nf7 21.f4 Nh6 22.g4 Qf7
23.h3 Qg6 24.a3 Nf5 25.Kh2 Nxe3 26.Qxe3 h5 27.Rg1 d4 28.Qf3 Rf8 29.Rae1 hxg4
30.Rxg4 Qc2+ 31.Kh1 Rf7 32.Rg2 Qf5 33.Rc1 Rfc7 34.Qg3 Qe4 35.Nd2 Qe3 36.Qg5 Qxh3+
37.Rh2 Qf5 38.Qh4 Ne7 39.Rg1 Ng6 40.Qg3 Nf8 41.Qh4 Ng6 42.Qh7+ Kf7 43.Rh5 Qxh5+
44.Qxh5 Rh8 45.Qxh8 Nxh8 46.Ne4  1/2-1/2

[Event "Corus B"]
[Site "Wijk aan Zee NED"]
[Date "2000.01.29"]
[Round "10"]
[White "Reinderman,D"]
[Black "Van der Wiel,J"]
[Result "1-0"]
[WhiteElo "2561"]
[BlackElo "2558"]

1.e4 c5 2.Nf3 d6 3.Bb5+ Bd7 4.Bxd7+ Nxd7 5.O-O Ngf6 6.Qe2 e6 7.b3 Be7 8.Bb2 O-O
9.c4 e5 10.Nc3 Nh5 11.g3 g6 12.Ne1 Qe8 13.Ng2 a6 14.Rae1 Rb8 15.Qd3 Ng7 16.f4 exf4
17.gxf4 Bf6 18.e5 dxe5 19.Ne4 Bd8 20.fxe5 Ne6 21.Kh1 b5 22.Qe3 bxc4 23.Qh6 cxb3
24.Nf6+ Nxf6 25.exf6 Rb7 26.Rf3  1-0

[Event "Renome 2000"]
[Site "Bjeljina YUG"]
[Date "2000.02.02"]
[Round "7"]
[White "Savic,Mio1"]
[Black "Genov,Peta"]
[Result "1/2-1/2"]
[WhiteElo "2430"]
[BlackElo "2413"]

1.e4 c5 2.Nf3 d6 3.Bb5+ Bd7 4.Bxd7+ Qxd7 5.O-O Nf6 6.Re1 Nc6 7.c3 e6 8.d3 Be7
9.Nbd2 O-O 10.Nf1 b5 11.Ng3 Ne5 12.d4 cxd4 13.cxd4 Nxf3+ 14.Qxf3 Rac8 15.e5 Nd5
16.Nh5 f5 17.exf6 Nxf6 18.Nf4 Nd5 19.Qg4 Nxf4 20.Bxf4 Rf5 21.Re2 Bf6 22.Rae1 Bxd4
23.Rxe6 Rf7 24.Qg3 Be5 25.R6xe5 dxe5 26.Bxe5 Qd2 27.f4 Rc1 28.Rxc1 Qxc1+
29.Kf2 Qc2+ 30.Kg1 Qd1+ 31.Kf2 Rd7 32.Bc3 Qc2+ 33.Kf1 Rd1+ 34.Be1 h6 35.Qe3 Kh7
36.a3 a5 37.Qe2 Qxe2+ 38.Kxe2 Rb1 39.Bc3 Kg6 40.g4 Rh1 41.f5+ Kg5 42.Kf3 Rxh2
43.Kg3 Re2 44.Kf3 Re7 45.Bd2+ Kh4 46.Bxa5 Rd7 47.Bc3 Kg5 48.Be5 h5 49.Bf4+ Kf6
50.gxh5 Kxf5 51.Be3 Rd3 52.Kf2 Rd7 53.Kf3 Rd6 54.Bc5 Rd8 55.Be3 Rd3 56.Kf2 Ke4
57.h6 gxh6 58.Bxh6 Rb3 59.Bg7 Kd3 60.Kf3 Kc2+ 61.Ke4 Rxb2 62.Kd5 Rb3 63.Kc6 Kd3
64.Kc5 Rb1 65.Bf6 Rf1 66.Be7 Rf7 67.Bd6 Rf5+ 68.Kb4 Rd5 69.Bc7  1/2-1/2

[Event "Wydra mem rapidplay"]
[Site "Haifa ISR"]
[Date "2000.02.05"]
[Round "11"]
[White "Psakhis,L"]
[Black "Anand,V"]
[Result "1/2-1/2"]
[WhiteElo "2599"]
[BlackElo "2769"]

1.e4 c5 2.Nf3 d6 3.Bb5+ Nd7 4.d4 cxd4 5.Qxd4 Nf6 6.Nc3 a6 7.Bxd7+ Bxd7 8.Bg5 Rc8
9.O-O-O h6 10.Bxf6 gxf6 11.Nd5 Rg8 12.Nb6 Rc6 13.Nxd7 Qxd7 14.g3 Qe6 15.Qd5 Qxd5
16.Rxd5  1/2-1/2

[Event "Extraliga CZE"]
[Site "Ostrava CZE"]
[Date "2000.02.06"]
[Round "9"]
[White "Velicka,P"]
[Black "Dydyshko,V"]
[Result "0-1"]
[WhiteElo "2440"]
[BlackElo "2521"]

1.e4 c5 2.Nf3 d6 3.Bb5+ Bd7 4.Bxd7+ Qxd7 5.c4 Nc6 6.d4 cxd4 7.Nxd4 Nf6 8.Nc3 g6
9.O-O Bg7 10.Nde2 Qe6 11.Qb3 O-O 12.Nf4 Qc8 13.Nfd5 Nxd5 14.Nxd5 e6 15.Ne3 Ne5
16.Bd2 Qc6 17.f3 f5 18.exf5 gxf5 19.f4 Nd7 20.Bc3 Nc5 21.Qc2 Rf7 22.Kh1 Ne4
23.Bxg7 Rxg7 24.Qd3 Rf8 25.b4 h5 26.Rf3 Rf6 27.a3 Rfg6 28.Ra2 Nf6 29.Rh3 Rc7
30.Rd2 Ne4 31.Rc2 Rh7 32.Qd4 a6 33.Kg1 Rgg7 34.Re2 Rc7 35.Rc2 Qe8 36.Rf3 h4
37.Nd1 Rhg7 38.Nf2 Qg6 39.Nxe4 fxe4 40.Re3 d5 41.Rec3 Rcd7 42.c5 Rdf7 43.c6 bxc6
44.Rxc6 Rxf4 45.Qe5 Qf7 46.h3 Rf1+ 47.Kh2 Qf4+ 48.Qxf4 Rxf4 49.Rxe6 d4 50.Rxa6 d3
51.Rc8+ Kh7 52.Rd8 Rf2 53.Kh1 d2  0-1

[Event "Goodricke Open"]
[Site "Calcutta IND"]
[Date "2000.02.08"]
[Round "3"]
[White "Das,Dip"]
[Black "Shantharam,K"]
[Result "0-1"]
[WhiteElo "2292"]
[BlackElo "2198"]

1.e4 c5 2.Nf3 d6 3.Bb5+ Bd7 4.Bxd7+ Qxd7 5.c4 Nc6 6.O-O Nf6 7.Nc3 g6 8.d4 cxd4
9.Nxd4 Bg7 10.Nde2 O-O 11.f3 Rfd8 12.Be3 e6 13.Nf4 h6 14.Qa4 Ne5 15.Qxd7 Nfxd7
16.Nfe2 Nxc4 17.Bd4 Bxd4+ 18.Nxd4 a6 19.b3 Nce5 20.Rfd1 Rac8 21.Nde2 Nf6
22.Rd2 Kf8 23.Rad1 Ke7 24.f4 Nc6 25.Ng3 Nb4 26.Nce2 Rc2 27.e5 Ne8 28.Rxc2 Nxc2
29.Rc1 Nb4 30.a3 Nd3 31.exd6+ Nxd6 32.Rc2 Rc8 33.Rd2 Nc5 34.b4 Nce4 35.Nxe4 Nxe4
36.Rd4 f5 37.Kf1 Rc2 38.g4 Nd2+ 39.Kf2 fxg4 40.Ke3 Nf1+ 41.Kd3 Rd2+  0-1

[Event "Bundesliga 2007-8"]
[Site "Godesberg GER"]
[Date "2000.02.08"]
[Round "7"]
[White "Mainka,R"]
[Black "Dranov,A"]
[Result "0-1"]
[WhiteElo "2490"]
[BlackElo "2439"]

1.e4 c5 2.Nf3 d6 3.Bb5+ Bd7 4.Bxd7+ Qxd7 5.c4 Nc6 6.Nc3 g6 7.d4 cxd4 8.Nxd4 Bg7
9.Nde2 Nf6 10.O-O O-O 11.f3 Rac8 12.Rb1 a6 13.a4 e6 14.Bg5 h6 15.Bh4 Rfd8
16.Kh1 g5 17.Bf2 d5 18.cxd5 exd5 19.Bb6 Re8 20.exd5 Ne7 21.d6 Nf5 22.Qb3 Qxd6
23.Bg1 Rc7 24.Rbd1 Qe6 25.Qb4 Qe7 26.Qa5 Qe5 27.Qxe5 Rxe5 28.f4 gxf4 29.Nxf4 Ne7
30.g3 Rc4 31.Bd4 Rf5 32.Rfe1 Nc6 33.Bxf6 Bxf6 34.Ncd5 Rxa4 35.Re8+ Kh7 36.Ne3 Rb5
37.Nfd5 Bg7 38.Kg2 Rxb2+ 39.Kh3 Raa2 40.Ng4 h5 41.Ndf6+ Bxf6  0-1

[Event "FSIMA February"]
[Site "Budapest HUN"]
[Date "2000.02.10"]
[Round "6"]
[White "Gara,A"]
[Black "Kahn,E"]
[Result "0-1"]
[WhiteElo "2257"]
[BlackElo "2301"]

1.e4 c5 2.Nf3 d6 3.Bb5+ Bd7 4.Bxd7+ Nxd7 5.O-O Ngf6 6.d3 g6 7.Qe2 Bg7 8.Ng5 Qc7
9.f4 Rc8 10.c4 O-O 11.Nc3 a6 12.Bd2 e6 13.Rae1 Nb8 14.Kh1 Nc6 15.Qf2 Nd4
16.Qh4 h6 17.Nf3 Rce8 18.e5 Nd7 19.Nxd4 cxd4 20.Ne4 dxe5 21.fxe5 Qxe5 22.Bb4 f5
23.Nd6 Qf6 24.Qxf6 Bxf6 25.Nxe8 Rxe8 26.h3 h5 27.g4 hxg4 28.hxg4 Ne5 29.gxf5 gxf5
30.Bd6 Nxd3 31.Re2 Kf7 32.Rd1 Rd8 33.c5 Nb4 34.Rh2 Rh8 35.a3 Nd5 36.Rxh8 Bxh8
37.Kg1 e5 38.Kf2 e4 39.Rh1 Bg7 40.b4 d3 41.c6 bxc6 42.Bc5 f4 43.Rd1 e3+ 44.Kf3 d2  0-1

[Event "It"]
[Site "Ptuj SLO"]
[Date "2000.02.11"]
[Round "2"]
[White "Abramovic,B"]
[Black "Mikhalchishin,A"]
[Result "1/2-1/2"]
[WhiteElo "2501"]
[BlackElo "2552"]

1.e4 c5 2.Nf3 d6 3.Bb5+ Nd7 4.c3 Nf6 5.Qe2 a6 6.Ba4 e5 7.O-O Be7 8.d4 b5
9.Bc2 O-O 10.dxe5 dxe5 11.a4 Bb7 12.Bg5 Bc6 13.Rd1 Qc7 14.Nbd2 h6 15.Bh4 c4
16.axb5 axb5 17.b3 cxb3 18.Nxb3 Rxa1 19.Rxa1 Nb6 20.Bd3 Na4 21.Rc1 Qb8  1/2-1/2

[Event "Goodricke Open"]
[Site "Calcutta IND"]
[Date "2000.02.15"]
[Round "10"]
[White "Das,Dip"]
[Black "Najdoski,T"]
[Result "1-0"]
[WhiteElo "2292"]
[BlackElo "2548"]

1.e4 c5 2.Nf3 d6 3.Bb5+ Bd7 4.Bxd7+ Qxd7 5.O-O Nc6 6.b3 Nf6 7.Re1 g6 8.Bb2 Bg7
9.d3 O-O 10.a4 a6 11.Nbd2 b5 12.Qe2 e5 13.axb5 axb5 14.c3 Nh5 15.g3 f5 16.d4 cxd4
17.cxd4 Nxd4 18.Nxd4 exd4 19.Nf3 Rxa1 20.Bxa1 Re8 21.Qd3 fxe4 22.Rxe4 Nf6
23.Rxe8+ Nxe8 24.Bxd4 Bxd4 25.Nxd4 Nc7 26.h4 d5 27.h5 Kg7 28.Qf3 Qf7  1-0

[Event "Goodricke Open"]
[Site "Calcutta IND"]
[Date "2000.02.16"]
[Round "11"]
[White "Qin Kanying"]
[Black "Mithrakanth,P"]
[Result "1-0"]
[WhiteElo "2475"]
[BlackElo "2338"]

1.e4 c5 2.Nf3 d6 3.Bb5+ Bd7 4.Bxd7+ Qxd7 5.c4 Nc6 6.Nc3 Nf6 7.d4 cxd4 8.Nxd4 g6
9.O-O Bg7 10.Nde2 O-O 11.f3 a6 12.a4 a5 13.Bg5 Nb4 14.Qd2 Rfc8 15.b3 Ne8
16.Kh1 Nc7 17.Rab1 Ne6 18.Bh4 Kh8 19.Bf2 Qe8 20.Nd5 Nxd5 21.exd5 Nc5 22.Bd4 Rd8
23.Rbd1 Bxd4 24.Nxd4 e5 25.dxe6 fxe6 26.Qe3 Kg8 27.f4 Rd7 28.Rde1 Qf7 29.Nxe6 Re8
30.f5 gxf5 31.Qg3+ Qg6 32.Nxc5 Rxe1 33.Qxe1 dxc5 34.Qxa5 Qd6 35.h3 f4 36.Qe1 b6
37.Qe8+ Kg7 38.Rxf4 Qxf4 39.Qxd7+ Kf8 40.Qd3 Qc1+ 41.Kh2 h6 42.Qd8+ Kf7 43.Qc7+ Kf8
44.Qe5 Qd2 45.a5 Qxa5 46.Qf6+ Ke8 47.Qe6+ Kd8 48.Qxh6 Kc7 49.Qf4+ Kb7 50.h4 Qa2
51.h5 Ka7 52.Qc7+ Ka6 53.Qb8  1-0

[Event "Goodricke Open"]
[Site "Calcutta IND"]
[Date "2000.02.16"]
[Round "11"]
[White "Iordachescu,V"]
[Black "Bakre,T"]
[Result "1-0"]
[WhiteElo "2560"]
[BlackElo "2352"]

1.e4 c5 2.Nf3 d6 3.Bb5+ Bd7 4.Bxd7+ Qxd7 5.c4 Nf6 6.Nc3 Nc6 7.O-O g6 8.d4 cxd4
9.Nxd4 Nxd4 10.Qxd4 Bg7 11.Bg5 O-O 12.Rad1 Qe6 13.Qd3 Rfc8 14.b3 Qe5 15.Bd2 Ng4
16.Qh3 h5 17.Nd5 Kf8 18.Bc3 Qe6 19.f4 Qxe4 20.Bxg7+ Kxg7 21.Qc3+ e5 22.h3 Nh6
23.Rfe1 Qf5 24.fxe5 Ng8 25.exd6+ Kh7 26.Re5 Qd7  1-0

[Event "ch-Serbia"]
[Site "Kragujevac YUG"]
[Date "2000.02.19"]
[Round "1"]
[White "Grujic,L"]
[Black "Marinkovic,Sl"]
[Result "1/2-1/2"]
[WhiteElo "2331"]
[BlackElo "2458"]

1.e4 c5 2.Nf3 d6 3.Bb5+ Bd7 4.Bxd7+ Qxd7 5.c4 Nc6 6.Nc3 g6 7.d4 cxd4 8.Nxd4 Bg7
9.Nde2 Nf6 10.f3 O-O 11.Bg5 Rfc8 12.Rc1 Qd8 13.b3 Nd7 14.Qd2 Nc5 15.O-O a5
16.Nd5 f6  1/2-1/2

[Event "16th open"]
[Site "Cappelle La Grande FRA"]
[Date "2000.02.20"]
[Round "2"]
[White "Oral,T"]
[Black "Antoniewski,R"]
[Result "1-0"]
[WhiteElo "2540"]
[BlackElo "2443"]

1.e4 c5 2.Nf3 d6 3.Bb5+ Nd7 4.d4 Nf6 5.Nc3 a6 6.Bxd7+ Nxd7 7.O-O e6 8.Bg5 f6
9.Bh4 Be7 10.dxc5 dxc5 11.e5 f5 12.Ng5 Qb6 13.Nxe6 Qxe6 14.Nd5 Bd8 15.Bxd8 Kxd8
16.Qd2 f4 17.Rad1 Rf8 18.Qa5+ b6 19.Nxb6 Ke7 20.Nxa8 Bb7 21.Nc7  1-0

[Event "ch-Serbia"]
[Site "Kragujevac YUG"]
[Date "2000.02.20"]
[Round "2"]
[White "Savic,Mio1"]
[Black "Kekenj,A"]
[Result "1-0"]
[WhiteElo "2430"]
[BlackElo "2277"]

1.e4 c5 2.Nf3 d6 3.Bb5+ Bd7 4.Bxd7+ Qxd7 5.O-O Nc6 6.Re1 Nf6 7.c3 e6 8.d3 Be7
9.h3 O-O 10.Nbd2 d5 11.e5 Ne8 12.Qe2 Nc7 13.Nb3 Rae8 14.Bf4 b6 15.a4 a5 16.d4 c4
17.Nbd2 f6 18.b3 cxb3 19.Reb1 Rb8 20.exf6 Rxf6 21.Be5 Rg6 22.Rxb3 Bd6 23.Rab1 Na8
24.Re1 Nxe5 25.Nxe5 Bxe5 26.Qxe5 Rf8 27.Rb5 Qf7 28.Re2 Qf4 29.Qxf4 Rxf4 30.Re3 Rf7
31.c4 Rf4 32.cxd5 Rxd4 33.Nf3 Rd1+ 34.Kh2 Nc7 35.Rxb6 Nxd5 36.Rb8+ Kf7 37.Ne5+ Kf6
38.Rf8+ Ke7 39.Nxg6+ hxg6 40.Ref3 Nf6 41.Ra8 Ne4 42.Ra7+ Ke8 43.Rb3  1-0

[Event "16th open"]
[Site "Cappelle La Grande FRA"]
[Date "2000.02.21"]
[Round "3"]
[White "Sziebert,A"]
[Black "Popov,Val"]
[Result "1-0"]
[WhiteElo "2334"]
[BlackElo "2534"]

1.e4 c5 2.Nf3 d6 3.Bb5+ Nd7 4.d4 Nf6 5.e5 Qa5+ 6.Nc3 Ne4 7.O-O Nxc3 8.Bxd7+ Bxd7
9.bxc3 d5 10.c4 cxd4 11.Ng5 h6 12.e6 hxg5 13.exd7+ Kxd7 14.Bxg5 Qc7 15.g3 Qxc4
16.Qg4+ e6 17.Rad1 Bc5 18.Be3 Qxc2 19.Bxd4 Qh7 20.h4 Bxd4 21.Rxd4 Ke7 22.Rxd5 Rhc8
23.Rh5 Qd3 24.Rd1 Qc3 25.Qg5+ Qf6 26.Qd2 Qf3 27.Qg5+ Qf6 28.Qb5 g6 29.Rd7+ Kf8
30.Rh7 b6 31.Qg5  1-0

[Event "ch-Serbia"]
[Site "Kragujevac YUG"]
[Date "2000.02.21"]
[Round "3"]
[White "Boskovic,D"]
[Black "Arsovic,G"]
[Result "0-1"]
[WhiteElo "2332"]
[BlackElo "2427"]

1.e4 c5 2.Nf3 d6 3.Bb5+ Bd7 4.Bxd7+ Qxd7 5.O-O Nf6 6.Re1 Nc6 7.b3 g6 8.c3 Bg7
9.d4 cxd4 10.cxd4 d5 11.e5 Ne4 12.Nbd2 Nc3 13.Qc2 Nb5 14.Bb2 Rc8 15.Rac1 O-O
16.Qb1 Bh6 17.Red1 Nc7 18.Rc3 Nb5 19.Rcc1 f6 20.a4 Nc7 21.exf6 exf6 22.Ba3 Rfe8
23.Qd3 Ne6 24.g3 Ng5 25.Nxg5 Bxg5 26.f4 Bh6 27.Re1 Qg4 28.Kh1 Bf8 29.Bxf8 Kxf8
30.Qb5 Qd7 31.Kg2 Kg7 32.h3 Kh6 33.Kh2 Re6 34.Nf3 Rce8 35.Rxe6 Rxe6 36.Qd3 Qe7
37.f5 Re2+ 38.Kg1 Nb4  0-1

[Event "ch-Serbia"]
[Site "Kragujevac YUG"]
[Date "2000.02.21"]
[Round "3"]
[White "Grujic,L"]
[Black "Perunovic,Mio"]
[Result "1-0"]
[WhiteElo "2331"]
[BlackElo "2256"]

1.e4 c5 2.Nf3 d6 3.Bb5+ Bd7 4.Bxd7+ Qxd7 5.c4 Nf6 6.Nc3 Nc6 7.d4 cxd4 8.Nxd4 Qg4
9.Qxg4 Nxg4 10.Nxc6 bxc6 11.f4 Rb8 12.Rb1 g6 13.h3 Bg7 14.hxg4 Bxc3+ 15.Ke2 Bd4
16.b4 O-O 17.Bd2 Kg7 18.Kd3 c5 19.b5 h6 20.a4 e6 21.f5 g5 22.Rh3 Rh8 23.Rbh1 Rbd8
24.Bxg5 hxg5 25.Rxh8 Rxh8 26.Rxh8 Kxh8 27.a5 Be5 28.a6 d5 29.b6 dxe4+ 30.Kxe4 Bb8
31.fxe6 fxe6 32.bxa7 Bxa7 33.Ke5 Kh7 34.Kxe6  1-0

[Event "Open"]
[Site "Cannes FRA"]
[Date "2000.02.22"]
[Round "3"]
[White "Libens,M"]
[Black "Basso,F"]
[Result "0-1"]
[WhiteElo "2178"]
[BlackElo "2082"]

1.e4 c5 2.Nf3 d6 3.Bb5+ Nd7 4.O-O Nf6 5.Re1 e6 6.c3 a6 7.Bf1 b5 8.d4 Bb7
9.Bd3 Be7 10.Bg5 O-O 11.Nbd2 h6 12.Bh4 Re8 13.e5 dxe5 14.dxe5 Nd5 15.Bg3 c4
16.Bc2 Nc5 17.Qe2 Qb6 18.Ne4 Nxe4 19.Qxe4 Nf6 20.Qf4 Nh5 21.Qg4 Nxg3 22.hxg3 Rad8
23.Re2 Rd7 24.a4 Red8 25.axb5 axb5 26.Qf4 Ra8 27.Rxa8+ Bxa8 28.g4 Qd8 29.Kh2 Bc5
30.Qg3 g6 31.Qf4 Be7 32.Nd4 Bg5 33.Qg3 Rxd4 34.cxd4 Qxd4 35.Qa3 Bd5 36.f3 Bf4+
37.g3 Bxe5 38.f4 Bf6 39.Qd6 Qxb2 40.f5 Qc1  0-1

[Event "16th open"]
[Site "Cappelle La Grande FRA"]
[Date "2000.02.22"]
[Round "5"]
[White "Scetinin,A"]
[Black "Atalik,S"]
[Result "0-1"]
[WhiteElo "2288"]
[BlackElo "2575"]

1.e4 c5 2.Nf3 d6 3.Bb5+ Bd7 4.Bxd7+ Qxd7 5.c4 Nc6 6.O-O g6 7.Nc3 Bg7 8.d3 Nf6
9.Bf4 Ng4 10.h3 Nge5 11.Rb1 O-O 12.Be3 Nxf3+ 13.Qxf3 f5 14.Qg3 fxe4 15.Nxe4 Nb4
16.Rfd1 Nxa2 17.d4 Qf5 18.f3 cxd4 19.Bxd4 Nb4 20.Bxg7 Kxg7 21.Qh4 Qe5 22.Kh1 Rf4
23.Qe1 a5 24.Qc3 Rf5 25.g4 Rff8 26.Qxe5+ dxe5 27.Rd7 Rxf3 28.Ng5 Rd3 29.Rxb7 h6
30.Ne6+ Kf7 31.Nc5 Rd4 32.Rf1+ Rf4 33.Re1 Rxc4 34.Nd7 Nd3 35.Rf1+ Kg8 36.Nb6 Rb4
37.Rxe7 Rf8 38.Rxf8+ Kxf8 39.Rd7 Nxb2 40.Rd6  0-1

[Event "ch-Serbia"]
[Site "Kragujevac YUG"]
[Date "2000.02.22"]
[Round "4"]
[White "Zakic,S"]
[Black "Boskovic,D"]
[Result "1/2-1/2"]
[WhiteElo "2359"]
[BlackElo "2332"]

1.e4 c5 2.Nf3 d6 3.Bb5+ Bd7 4.Bxd7+ Qxd7 5.O-O Nf6 6.Re1 Nc6 7.c3 e6 8.d4 cxd4
9.cxd4 d5 10.e5 Ne4 11.Nbd2 Nxd2 12.Bxd2 Be7 13.Rc1 O-O 14.Rc3 Rac8 15.a3 b5
16.Rd3 f5 17.exf6 Bxf6 18.Bc3 a5 19.Re2 b4 20.axb4 axb4 21.Be1 Rb8 22.Rde3 Rfe8
23.g3 Qd6 24.Kg2 Na5 25.Qa4 Nc6 26.Qa6 Ra8 27.Qd3 Rab8 28.b3 Qd7 29.Bd2 Rbc8
30.Re1 Qf7 31.R3e2 Qd7 32.h4 Qf7 33.Rc1 Qb7 34.Bf4 Qb6 35.Rec2 Na7 36.Rc5 Rxc5
37.dxc5 Qb5 38.Qxb5 Nxb5 39.Ne5 Rc8 40.Nd7 Bc3 41.Be5 Bxe5 42.Nxe5 Nd4 43.Ra1 Nxb3
44.Rb1 Nxc5 45.Rxb4 g6 46.g4 Kg7 47.g5 Rc7 48.Rb6 h6 49.f4 hxg5 50.hxg5 Re7
51.Kf3  1/2-1/2

[Event "Masters"]
[Site "Monaco MNC"]
[Date "2000.02.22"]
[Round "2"]
[White "Caposciutti,M"]
[Black "Kosten,A"]
[Result "1/2-1/2"]
[WhiteElo "2344"]
[BlackElo "2511"]

1.e4 c5 2.Nf3 d6 3.Bb5+ Bd7 4.Bxd7+ Nxd7 5.O-O e6 6.b3 Be7 7.Bb2 Bf6 8.d4 cxd4
9.Bxd4 Ne7 10.c4 Nc6 11.Nc3 Nde5 12.Nxe5 Bxe5 13.Bxe5 dxe5 14.Qxd8+ Rxd8
15.Rfd1 Ke7 16.f3 Nd4 17.Kf2 Rd6 18.Ne2 Rhd8 19.Nxd4 exd4 20.e5 Rc6 21.Rd2 f6
22.f4 g5 23.g3 gxf4 24.gxf4 fxe5 25.fxe5 Rc5 26.Rad1 Rxe5 27.Rxd4 Rf8+ 28.Kg1 Rg5+
29.Kh1 Rf2 30.Rd7+ Kf6 31.Rxh7 Rxa2 32.h4 Rgg2 33.Rxb7 Rh2+  1/2-1/2

[Event "16th open"]
[Site "Cappelle La Grande FRA"]
[Date "2000.02.23"]
[Round "6"]
[White "Sziebert,A"]
[Black "Szelag,M"]
[Result "1/2-1/2"]
[WhiteElo "2334"]
[BlackElo "2392"]

1.e4 c5 2.Nf3 d6 3.Bb5+ Nd7 4.d4 cxd4 5.Qxd4 a6 6.Bxd7+ Bxd7 7.O-O Nf6 8.Bg5 h6
9.Bh4 g5 10.Bg3 Bg7 11.c4 O-O 12.Nc3 Rc8 13.Qd3 Nh5 14.Rad1 b5 15.b3 bxc4
16.bxc4 Nxg3 17.hxg3 Bxc3 18.Qxc3 Be6 19.Rd4 Rc5 20.e5 Qc7 21.exd6 exd6 22.Nd2 Rc8
23.Qd3 Rxc4 24.Rxd6 Rc6 25.Rxc6 Qxc6 26.a3 Qc3 27.Qd6 Qc5 28.Qxa6 Qd5 29.Nf3 Ra8
30.Qe2 Rxa3 31.Rd1 Ra2 32.Qe1 Qa5 33.Qe3 Ra1  1/2-1/2

[Event "Masters"]
[Site "Monaco MNC"]
[Date "2000.02.24"]
[Round "6"]
[White "Caposciutti,M"]
[Black "Olivier,JC"]
[Result "0-1"]
[WhiteElo "2344"]
[BlackElo "2356"]

1.e4 c5 2.Nf3 d6 3.Bb5+ Bd7 4.Bxd7+ Qxd7 5.O-O Nc6 6.b3 d5 7.exd5 Qxd5 8.Bb2 Nf6
9.Na3 e6 10.Nc4 Rd8 11.Ne3 Qh5 12.Ne5 Nxe5 13.Qxh5 Nxh5 14.Bxe5 Rxd2 15.Rfd1 Rd8
16.Nc4 b6 17.a4 Nf6 18.Rxd8+ Kxd8 19.Bb8 Nd7 20.Rd1 Kc8 21.Bxa7 Kc7 22.c3 Be7
23.Kf1 Rd8 24.Ke2 Kb7 25.Rxd7+ Rxd7 26.Bxb6 f6 27.f4 Kc6 28.g3 Rb7 29.a5 Rb8
30.g4 Bd8 31.h4 Bxb6 32.Nxb6 Kb5 33.Nc4 Ka6 34.Nb6 Kxa5 35.Nd7 Rxb3 36.Nxc5 Rb6
37.g5 Rc6 38.Nb3+ Kb6 39.Nd4 Rd6 40.Ke3 Kc5 41.Ke4 Ra6 42.f5 exf5+ 43.Nxf5 g6
44.Nd4 fxg5 45.hxg5 Kd6 46.Nb5+ Kd7 47.c4 Ra1 48.Ke5 Ke7 49.Nc3 Rc1 50.Nd5+ Kf7
51.Nb6 Rg1 52.c5 Rxg5+ 53.Kd6 Rg1 54.c6 Rd1+ 55.Ke5 Rc1 56.Kd6 h5 57.c7 h4
58.Nd7 Rxc7 59.Kxc7 Ke6 60.Nc5+ Kf5 61.Nd3 h3 62.Nf2 h2 63.Nh1 Kf4  0-1

[Event "Open"]
[Site "Cannes FRA"]
[Date "2000.02.25"]
[Round "6"]
[White "Brochet,P"]
[Black "Vasilev,M"]
[Result "1/2-1/2"]
[WhiteElo "2335"]
[BlackElo "2312"]

1.e4 c5 2.Nf3 d6 3.Bb5+ Bd7 4.Bxd7+ Qxd7 5.c4 Nc6 6.Nc3 e5 7.Nd5 Nge7 8.a3 Nxd5
9.exd5 Nd4 10.Nxd4 cxd4 11.d3 Be7 12.O-O O-O 13.b4 Rac8 14.a4 b6 15.Qe2 f5
16.b5 Rce8 17.a5 Bd8 18.Bd2 e4 19.Bb4 f4 20.dxe4 f3 21.gxf3 bxa5 22.Bd2 Qh3
23.f4 Bb6 24.e5 dxe5 25.fxe5 Qf5 26.Rae1 d3 27.Qe4 Bxf2+ 28.Kg2 Rxe5 29.Qxf5 Rexf5
30.Ra1 Bd4 31.Rxf5 Rxf5 32.Rd1 Bb6 33.Kg3 Re5 34.Kf3 g5 35.Bc3 Re3+ 36.Kg4 h6
37.Kf5 Kf7 38.Be5 a4 39.Bd6 Ke8 40.Bb4 Bd4 41.c5 a3 42.Bxa3 Bc3 43.b6 axb6
44.cxb6 Re5+ 45.Kg6 Rxd5 46.b7 Rb5 47.Rxd3 Rb6+ 48.Kh5 Bb2 49.Re3+ Kd8 50.Bf8 Rxb7
51.Bxh6 Bf6 52.Re6 Be7 53.Bxg5 Bxg5 54.Kxg5 Re7 55.Rf6 Ke8 56.h4 Rf7 57.Rg6 Kf8
58.h5 Rf1 59.Kh6 Rf5 60.Ra6 Kf7 61.Ra7+ Kf6 62.Ra1 Kf7 63.Rb1 Rf2 64.Kh7 Rf3
65.Rb7+ Kf8 66.Rb6 Kf7 67.h6 Rf1 68.Rb7+ Kf8 69.Kh8 Rf2 70.Rg7 Rf1 71.Rg5 Kf7
72.Kh7 Rf2  1/2-1/2

[Event "16th open"]
[Site "Cappelle La Grande FRA"]
[Date "2000.02.25"]
[Round "8"]
[White "Shaw,J"]
[Black "Lalic,B"]
[Result "1/2-1/2"]
[WhiteElo "2392"]
[BlackElo "2548"]

1.e4 c5 2.Nf3 d6 3.Bb5+ Nd7 4.d4 Nf6 5.Nc3 cxd4 6.Qxd4 e5 7.Qd3 h6 8.O-O Be7
9.Be3 O-O 10.Bc4 a6 11.a4 Qc7 12.Nh4 Nc5 13.Bxc5 Qxc5 14.Rad1 Re8 15.Ng6 Bd8
16.Bb3 Be6 17.Bxe6 Rxe6 18.Nh4 g6 19.Nf3 Rc8 20.Nd2 Kg7 21.g3 Qb4 22.Nb3 Bb6
23.Kg2 Bd4 24.Nxd4 exd4 25.Qxd4 Qxb2 26.Rd3 Qxc2 27.Rf3 b5 28.axb5 axb5 29.Nxb5 Qxe4
30.Qxe4 Nxe4 31.Rd1 Rc5 32.Nd4 Rf6 33.Rxf6 Kxf6 34.f3 Ng5 35.h4 Ne6 36.Nxe6 Kxe6
37.Kf2 d5 38.Ke3 Ke5 39.Rd3 Rc2 40.Ra3 d4+ 41.Kd3 Rg2 42.Ra5+ Kd6 43.g4 Rh2
44.h5 gxh5 45.Ra6+ Ke7 46.Rxh6 Rh3 47.Rxh5 Rxf3+ 48.Kxd4 Rf4+ 49.Ke3 Rxg4
50.Kf3 Rb4 51.Ra5 Kf6 52.Ra6+ Kg5 53.Ra5+ f5 54.Ra3 Rd4 55.Rb3 Kf6 56.Rb6+ Ke5
57.Rb5+ Rd5 58.Rxd5+ Kxd5  1/2-1/2

[Event "ch-Serbia"]
[Site "Kragujevac YUG"]
[Date "2000.02.25"]
[Round "7"]
[White "Todorovic,GM"]
[Black "Jakovljevic,Vlado"]
[Result "1/2-1/2"]
[WhiteElo "2426"]
[BlackElo "2310"]

1.e4 c5 2.Nf3 d6 3.Bb5+ Bd7 4.Bxd7+ Qxd7 5.c4 Nc6 6.Nc3 g6 7.d4 Bg7 8.Be3 cxd4
9.Nxd4 Nf6 10.f3 O-O 11.Qd2 Rfe8 12.O-O a6 13.Rac1 Rac8 14.b3 Nxd4 15.Bxd4 b5
16.cxb5 axb5 17.Kh1 Qb7 18.Rfd1 e6 19.Qg5 e5 20.Bg1 b4 21.Na4 Rxc1 22.Qxc1 d5
23.exd5 Nxd5 24.Qc4 Nf6 25.Nc5 Qa8 26.Rd2 Bf8 27.Nd7 Nxd7 28.Rxd7 Re7 29.Rxe7 Bxe7
30.Qc7 Bf6 31.Qd6 Bg7 32.Qxb4 Qxa2 33.Qb8+ Bf8 34.h3 Qa1 35.Kh2 Qc3 36.Bf2 Qb4
37.Qxb4 Bxb4 38.Kg1 f5 39.Kf1 Kf7 40.Be1 Bd6 41.Ke2 Ke6 42.Kd3 Kd5 43.Bc3 Bc5
44.Bd2 e4+ 45.fxe4+ fxe4+ 46.Ke2 Bb6 47.Be3 Bc7 48.Ba7 Bf4 49.Kf2 h5 50.Ke2 Bg5
51.Bf2 Bf4 52.Be3 Be5 53.Bc1 Bd4 54.Bf4 Bc3 55.Bd2 Bd4 56.Bh6 Bc5 57.Bg7 Bb6
58.Kd2 Bf2 59.Bf6 Ke6 60.Bh8 Kd5 61.Bg7 Bg1 62.Bh6 Bc5 63.Be3 Bd6 64.Ke2 Be5
65.Ba7 Bf4 66.Kf2 Bg5 67.Be3 Bh4+ 68.Ke2 Bf6 69.Bc1 Bd4 70.Bd2 Bb6 71.Be1 Bd4
72.Bf2 Bf6 73.Be3 Be5 74.Kf2 Bd6 75.Ke2 Be5  1/2-1/2

[Event "Estonian Club Cup 1st leg"]
[Site "Tallinn EST"]
[Date "2000.02.25"]
[Round "?"]
[White "Raud,R"]
[Black "Krupenski,Y"]
[Result "1/2-1/2"]
[WhiteElo "2343"]
[BlackElo "2183"]

1.e4 c5 2.Nf3 d6 3.Bb5+ Bd7 4.Bxd7+ Nxd7 5.c4 Ngf6 6.Nc3 e6 7.d4 cxd4 8.Qxd4 Be7
9.O-O O-O 10.b3 a6 11.Bb2 Qc7 12.h3 Rfd8 13.Rfe1 Ne5 14.Qe3 Nxf3+ 15.Qxf3 Rac8
16.Re2 Rd7 17.Qg3 Qa5 18.f4 b5 19.e5 dxe5 20.fxe5 Ne8 21.cxb5 axb5 22.Ne4 Bf8
23.a3 Rcd8 24.b4 Qb6+ 25.Qf2 Rd1+ 26.Rxd1 Rxd1+ 27.Kh2 Qb8 28.Rd2 Rxd2 29.Qxd2 Be7
30.Qd7 Nf6 31.Qxe7 Nxe4 32.Bd4 h6 33.Kg1 Ng3 34.Qh4 Nf5 35.Qe4 Qd8 36.Bf2 Qd1+
37.Kh2 Qa1 38.g4 Ne7 39.Qd4 Qa2 40.Qd8+ Kh7 41.Qd3+ Kg8 42.Qd8+ Kh7 43.Qd3+  1/2-1/2

[Event "ch-Serbia"]
[Site "Kragujevac YUG"]
[Date "2000.02.26"]
[Round "8"]
[White "Novoselski,Z"]
[Black "Misailovic,N"]
[Result "1-0"]
[WhiteElo "2392"]
[BlackElo "2315"]

1.e4 c5 2.Nf3 d6 3.Bb5+ Nd7 4.d4 Nf6 5.Nc3 a6 6.Bxd7+ Nxd7 7.Bg5 cxd4 8.Qxd4 h6
9.Bh4 e5 10.Qa4 g5 11.Bg3 Rb8 12.Nd5 b5 13.Qa3 Nc5 14.Nxe5 dxe5 15.Bxe5 Nxe4
16.Qd3 Nc5 17.Qd2 Be6 18.Nc7+ Ke7 19.Qc3 Ne4 20.Qb4+ Nd6 21.Nxe6 Kxe6 22.Bxh8 f6
23.O-O-O Qc7 24.Qd4 Be7 25.Rhe1+ Kf7 26.Bxf6  1-0